000 00522nam a2200181Ia 4500
003 GCL
008 140319s9999 xx 000 0 ara d
040 _aGCL /
_cGCL
082 0 4 _a813.0876
_bع ا
100 1 _aعمر داغستانى
245 1 0 _aالانسان الالى فى الفضاء /
_cعمر داغستانى
260 _a[S.N] :
_bمؤسسة الايمان ،
_c1985
300 _a164 ص
490 _a
650 0 4 _aالادب العربى
650 0 4 _aالقصص الخرافية
942 _2ddc
_cBK
999 _c53933
_d53933